| 000 | 01176nam a2200229 i 4500 | ||
|---|---|---|---|
| 001 | 152918 | ||
| 003 | ES-MaACL | ||
| 005 | 20250719062536.0 | ||
| 008 | 990726s1895 sp |||| | spa d | ||
| 080 | _a343.264 | ||
| 100 | 1 |
_aCadalso, Fernando. _933372 |
|
| 245 | 1 | 3 |
_aLa pena de deportación y la colonización por penados / _cescrita por Don Fernando Cadalso. |
| 260 |
_aMadrid : _b[s.n.], _c1895 ( _fImp. de José Góngora Álvarez) |
||
| 300 |
_a68 p. ; _c23 cm. |
||
| 530 | _aDisponible en formato digital. | ||
| 650 | 4 |
_aDeportación. _9135876 |
|
| 852 | 4 |
_aES-MaACL _bR.FOLL.3/4 _jD-77(4) _dOlim: 193-C-16 _9158472 _hDonación: Francisco Lastres y Juiz _xEncuadernación holandesa. _xEncuadernación con otras obras formando un volumen facticio _gAnotación manuscrita en portada: "Folletos penitenciarios Tomo16" _cSVI _fSello en tinta en portada: "Donativo del Sr. Lastres all Ateneo de Madrid, 1907". _z |
|
| 856 | 4 |
_uhttp://bdh-rd.bne.es/viewer.vm?id=0000252595&page=1 _yVersión en línea _zBiblioteca Digital Hispánica |
|
| 903 |
_aLastres y Juiz, Francisco, _d1848-1918 _q1 _ednr _970504 |
||
| 942 |
_2udc _cFOLLETOS |
||
| 999 |
_c152918 _d152918 |
||